If It Makes You Happy - Sheryl Crow (All Lyrics) - Statistics

General Stats
  • This quiz has been taken 25 times
  • The average score is 163 of 259
Answer Stats
Lyrics % Correct
a
100%
be
100%
I
100%
it
95%
It
95%
If
91%
if
91%
makes
91%
so
91%
So
91%
are
86%
can't
86%
happy
86%
the
86%
you
86%
You
86%
bad
82%
hell
82%
on
82%
that
82%
Then
82%
why
82%
from
77%
sad?
77%
for
73%
here
73%
long,
73%
long
73%
way
73%
been
68%
I've
68%
We
68%
we
68%
get
64%
to
64%
in
59%
what
59%
And
55%
and
55%
not
50%
Put
50%
Well,
50%
down,
45%
down
45%
I'm
45%
never
45%
of
45%
poncho,
45%
girl
41%
now,
41%
there
41%
was
41%
who
41%
away
36%
home
36%
I'd
36%
take
36%
up
36%
wrong?
36%
your
36%
again
32%
come
32%
give
32%
low
32%
made
32%
real
32%
right
32%
still
32%
stoned
32%
around
27%
between
27%
far,
27%
far
27%
hard
27%
kind
27%
off
27%
oh
27%
promised
27%
searchin',
27%
this
27%
went
27%
you'd
27%
along
23%
everything's
23%
Found
23%
Marilyn's
23%
okay,
23%
played
23%
thirsty
23%
'til
23%
We've
23%
before?
18%
French
18%
jungles
18%
mosquitoes
18%
toast
18%
bed,
14%
drank
14%
listen
14%
rifle,
14%
'round,
14%
serve
14%
store
14%
thrift
14%
everywhere
9%
Geronimo's
9%
hasn't
9%
pen
9%
shampoo
9%
train
9%
bread
5%
Bring
5%
comics
5%
mold
5%
own
5%
scrape
5%
through
5%
Benny
0%
Coltrane,
0%
corset
0%
derail
0%
Goodman's
0%
Oh-oh,
0%
No matching quizzes found
Score Distribution
Percent of People with Each Score
Percentile by Number Answered
Your Score History
You have not taken this quiz